00323nam a2200121Ia 4500008004100000245006000041260001700101260000900118300000900127650002300136650001200159856003000171170516s9999 xx 000 0 und d aCore-Shell Nanostars for Multimodal Therapy and Imaging bTheranostics c2016 a6:13 xMedical Technology xMedtech uhttp://www.thno.org/v6i13